000 00744nam a22002177a 4500
008 160921b xxu||||| |||| 00| 0 eng d
020 _a139780325012308
020 _a10032501230
050 _aLB 1027.23 .H37 2009
100 _aHarvey, Stephanie
245 _aComprehension and Collaboration:
_bInquiry circles in action
_cStephanie Harvey and Harvey Daniels
260 _aPortsmouth NH :
_bHeinemann
_c2009
300 _axiv, 322p. :
_bill. ;
_c20cm
500 _aIncludes references and index
650 _aInquiry-based learning
650 _aActive learning
650 _aGroup work in education
650 _aMotivation in education
700 _aDaniels, Harvey
942 _2lcc
_cBOOKS
_hLB 1027.23 .H37 2009
999 _c13901
_d13901